Otra arquitectura en America Latina

Uloženo v:
Podrobná bibliografie
Hlavní autor: Browne, Enrique (Autor)
Médium: Kniha
Jazyk:španělština
Vydáno: Ciudad de México Gustavo Gili 1988
Témata:
Tagy: Přidat tag
Žádné tagy, Buďte první, kdo vytvoří štítek k tomuto záznamu!

MARC

LEADER 00000nam a2200000 a 4500
001 UCV7713
003 CL-VaPUC
008 890615e19880000MX |||||||||||||||||spa|d
082 0 4 |a 720.98  |b BRO  |2 21 
100 0 |a Browne, Enrique  |e author  |9 301849 
245 1 0 |a Otra arquitectura en America Latina 
300 |a 170 p 
942 |c BK 
945 |d 19890615 00:00:00 
260 |a Ciudad de México  |b Gustavo Gili  |c 1988 
650 0 |a Arquitectura   |v Diseños y planos  |9 265416 
650 0 |a Arquitectura moderna   |v Siglo 20   |9 265427 
651 0 |a América Latina   |9 255027 
583 |a last modification  |c 19890615 00:00:00  |k Rodrigo Vera 
999 |c 213352  |d 213350 
952 |0 0  |1 0  |4 0  |6 720_980000000000000_BRO_1988  |7 0  |8 P  |9 195661  |a BIBARQ  |b BIBARQ  |d 2019-11-14  |i 2636719  |o 720.98 BRO 1988  |p 2636719  |r 2025-01-20  |w 2019-11-14  |y BK  |k ARQ